| 000 | 00743nam a2200229 u 4500 | ||
|---|---|---|---|
| 005 | 20240228063627.0 | ||
| 008 | 080428s2003 es r 000 0 spa d | ||
| 020 | _a8424660609 | ||
| 035 | _aUPN01000155647 | ||
| 049 | _aI | ||
| 050 | 4 |
_aPZ71 _bA4.9 |
|
| 100 | 1 |
_aAgur Meabe, Miren, _d1962- _930344 |
|
| 245 | 1 | 0 |
_aVivo en dos casas : _b¿y qué? / _cMiren Agur Meabe ; il. Jokin Mitxelena. |
| 260 |
_aBarcelona, Esp. : _bEditores Asociados, _c2003. |
||
| 300 |
_a30 p. : _bil. col. |
||
| 440 | 0 |
_aCass ; _v10 |
|
| 534 |
_pTraducción de. _tEtxe bitan bizi naiz, eta zer? |
||
| 650 | 4 |
_aLIBROS Y LECTURA PARA NIÑOS - _zESPAÑA _92310 |
|
| 650 | 4 |
_aLiteratura infantil española _95892 |
|
| 700 | 1 |
_aMitxelena, Jokin, _eil. |
|
| 905 | _aLibro | ||
| 999 |
_c127762 _d127762 |
||